Normal view
MARC view
Entry Topical Term
001 - CONTROL NUMBER
- control field: 860283
003 - CONTROL NUMBER IDENTIFIER
- control field: OSt
005 - DATE AND TIME OF LATEST TRANSACTION
- control field: 20251230110730.0
008 - FIXED-LENGTH DATA ELEMENTS
- fixed length control field: 251230|| aca||aabn | a|a d
040 ## - CATALOGING SOURCE
- Original cataloging agency: OSt
- Transcribing agency: OSt
150 ## - HEADING--TOPICAL TERM
- Topical term or geographic name entry element: संस्कृत साहित्य
670 ## - SOURCE DATA FOUND
- Source citation: Work cat.: (OSt)372554: विशाखदत्त; गुप्त, सुरेशचंद्र 168139, मुद्राराक्षस, 1991.
